INTEGRATED coastal and estuarine area management, handbook 5 : water pollution

Bibliographic Details
Other Authors: Muhamad Nasir Abdul Salam
Format: Book
Published: Petaling Jay, Selangor : WWF Malaysia , 1999
Subjects:

MARC

LEADER 00000cam a2200000 7i4500
001 0000002132
005 20021119.0
090 0 0 |a 363.73   |b INT 1999 
245 0 0 |a INTEGRATED coastal and estuarine area management, handbook 5 :   |b water pollution   |c compiled by Muhamad Nasir Abdul Salam 
260 0 0 |a Petaling Jay, Selangor :   |b WWF Malaysia ,   |c 1999 
300 |a various pagings :   |b col. ill. ;   |c 22 cm. 
500 0 0 |a Bibliography : p. 33-34 
650 0 0 |a Pollution 
650 0 0 |a Pollution   |x Environmental aspects 
700 0 1 |a Muhamad Nasir Abdul Salam 
745 0 0 |a Pengurusan bersepadu kawasan pesisiran pantai dan muara sungai 
998 |a JPSM 
999 |a 0000003529   |b Monograph   |c Open Shelf   |e Default branch